तूं सिंणू में रही पउ (Record no. 1067256)
[ view plain ]
| 000 -LEADER | |
|---|---|
| fixed length control field | 00792nam a2200253Ia 4500 |
| 003 - CONTROL NUMBER IDENTIFIER | |
| control field | OSt |
| 005 - DATE AND TIME OF LATEST TRANSACTION | |
| control field | 20221005133555.0 |
| 008 - FIXED-LENGTH DATA ELEMENTS--GENERAL INFORMATION | |
| fixed length control field | 221004b |||||||| |||| 00| 0 snd d |
| 037 ## - SOURCE OF ACQUISITION | |
| Terms of availability | Textual |
| 040 ## - CATALOGING SOURCE | |
| Original cataloging agency | CRL |
| Transcribing agency | CRL |
| Language of cataloging | snd |
| 041 ## - LANGUAGE CODE | |
| Source of code | snd |
| Language code of text/sound track or separate title | snd |
| 100 ## - MAIN ENTRY--PERSONAL NAME | |
| Personal name | चावला, ठाकुर |
| 245 #0 - TITLE STATEMENT | |
| Title | तूं सिंणू में रही पउ |
| 246 ## - VARYING FORM OF TITLE | |
| Title proper/short title | Tūan sianṇū mean rahī pau |
| 260 ## - PUBLICATION, DISTRIBUTION, ETC. | |
| Date of publication, distribution, etc. | 2008 |
| 650 ## - SUBJECT ADDED ENTRY--TOPICAL TERM | |
| Topical term or geographic name entry element | सिन्धी साहित्य |
| 942 ## - ADDED ENTRY ELEMENTS (KOHA) | |
| Classification part | U8, 1593P8 |
| Koha item type | Textual |
| Source of classification or shelving scheme | |
| Withdrawn status | Lost status | Damaged status | Not for loan | Home library | Current library | Date acquired | Source of acquisition | Cost, normal purchase price | Total Checkouts | Full call number | Barcode | Date last seen | Date last checked out | Cost, replacement price | Price effective from | Koha item type |
|---|---|---|---|---|---|---|---|---|---|---|---|---|---|---|---|---|
| Central Library | Arts Library | 2022-10-05 | 051, 30/03/2012, Sindhi Academy, Delhi | 100.00 | 1 | U8 1593P8 | CL1549510 | 2026-03-10 | 2026-02-10 | 100.00 | 2022-10-05 | Textual |
